|
|
|
|
| LEADER |
01736nam a2200493 a 4500 |
| 001 |
nkc20122347318 |
| 003 |
CZ PrNK |
| 005 |
20120605102018.0 |
| 007 |
ta |
| 008 |
120313s2012 xr e p 000 0 spa |
| 015 |
|
|
|a cnb002347318
|
| 020 |
|
|
|a 978-80-7308-404-2
|q (brož.) :
|c neprodejné
|
| 035 |
|
|
|a (OCoLC)796017847
|
| 040 |
|
|
|a ABA001
|b cze
|
| 041 |
0 |
|
|a spa
|a cze
|
| 072 |
|
7 |
|a 811.134
|x Iberorománské jazyky
|2 Konspekt
|9 11
|
| 072 |
|
7 |
|a 37.016
|x Učební osnovy. Vyučovací předměty. Učebnice
|2 Konspekt
|9 22
|
| 080 |
|
|
|a 811.134.2
|2 MRF
|
| 080 |
|
|
|a 811.162.3
|2 MRF
|
| 080 |
|
|
|a 81'38
|2 MRF
|
| 080 |
|
|
|a 81-114
|2 MRF
|
| 080 |
|
|
|a (075.8)
|2 MRF
|
| 100 |
1 |
|
|a Králová-Kullová, Jana,
|d 1950-
|7 jn19981001694
|4 aut
|
| 245 |
1 |
0 |
|a Vybrané problémy španělské stylistiky na pozadí češtiny /
|c Jana Králová
|
| 250 |
|
|
|a 1. vyd.
|
| 260 |
|
|
|a V Praze :
|b Univerzita Karlova, Filozofická fakulta,
|c 2012
|
| 300 |
|
|
|a 145 s. ;
|c 24 cm
|
| 504 |
|
|
|a Obsahuje bibliografii a bibliografické odkazy
|
| 546 |
|
|
|a Převážně španělský text
|
| 650 |
0 |
7 |
|a španělština
|7 ph127867
|2 czenas
|
| 650 |
0 |
7 |
|a čeština
|7 ph135292
|2 czenas
|
| 650 |
0 |
7 |
|a stylistika
|7 ph126173
|2 czenas
|
| 650 |
0 |
7 |
|a kontrastivní lingvistika
|7 ph121821
|2 czenas
|
| 650 |
0 |
9 |
|a Spanish language
|2 eczenas
|
| 650 |
0 |
9 |
|a Czech language
|2 eczenas
|
| 650 |
0 |
9 |
|a stylistics
|2 eczenas
|
| 650 |
0 |
9 |
|a contrastive linguistics
|2 eczenas
|
| 655 |
|
7 |
|a učebnice vysokých škol
|7 fd133772
|2 czenas
|
| 655 |
|
9 |
|a textbooks (higher)
|2 eczenas
|
| 910 |
2 |
|
|a BOA001
|b 2-1287.021
|
| 990 |
|
|
|a BK
|
| 995 |
|
|
|a 01
|
| 991 |
|
|
|b 201206
|c NOV
|e n
|
| 996 |
6 |
|
|b 2610511399
|c 2-1287.021
|l MZK
|r Sklad / do 1 hodiny
|n 1
|p p.v.
|w 001250110
|u 000010
|a 1
|e BOA001
|j MZK50
|s P
|